000
00230nmm a2200085Ia 4500
008
220120s9999||||xx |||||||||||||||||und||
100
_a
Digit
245
0
_a
Autopatcher XP March ed. MUltimedia, Internet, System , Devt
260
_c
2005
999
_c
138657
_d
138657